00709nam a2200217 a 4500008004100000020003000041040001500071100003000086245010200116260002800218300002700246336002600273337002800299338002700327500002000354504004100374650002800415650003000443003000100473005001700474  a9780803983540 (paperback) aNUSTcNUST1 aHollway, Wendy.,aauthor.10aWork psychology and organizational behaviour :bmanaging the individual at work/c Wendy Hollway. aLondon :bSAGE, c1991. ax, 208 pages ;c22 cm. atextbtxt2rdacontent aunmediatedbn2rdamedia avolumebnc2rdacarrier aIncludes index. aIncludes bibliographical references. 1aPsychology, Industrial. aOrganizational behaviour.20230123141159.0